Statistics for Animals Driven Extinct by Humans

Click here to take the quiz!

General Stats

  • This quiz has been taken 39 times
  • The average score is 5 of 8

Answer Stats

Answer% Correct
Dodo
100%
Moa
70%
Great auk
67%
Tasmanian tiger
67%
Passenger pigeon
63%
Quagga
47%
Auroch
43%
Carolina parakeet
37%

Score Distribution

Percentile by Number Answered

Percent of People with Each Score

Your Score History

You have not taken this quiz